Statistics for Géographie par image - S

Click here to take the quiz!

General Stats

  • This quiz has been taken 1,941 times
  • The average score is 12 of 18

Answer Stats

Answer % Correct
Suisse
97%
Sahara
95%
Chapelle {Sixtine}
90%
Canal de {Suez}
89%
Suède
85%
Route de la {soie}
81%
Séville
67%
Sagrada Família
67%
{Silicon} {Valley}
65%
San Francisco
63%
Somalie
62%
Santorin
56%
Shanghai
55%
Singapour
54%
Supérieur
42%
Saint-Pétersbourg
42%
Saxe
33%
Serengeti
10%

Score Distribution

Percentile by Number Answered

Percent of People with Each Score

Your Score History

You have not taken this quiz